Quick Pick: Double Letter World Capitals Quiz Stats

 Plays Quiz Updated Jul 11, 2017

Support Sporcle.
Go Orange.
Score 0/12 Timer 01:00
0 Plays Today
% Correct
Ottawa
93.7%
Canberra
92%
Nassau
80.7%
Sri Jayawardenepura Kotte
79.9%
Addis Ababa
78.2%
Bissau
76.6%
Ramallah
75%
Tallinn
74.6%
Valletta
72.7%
Brazzaville
55.7%
Libreville
55%
Yamoussoukro
45.1%

Today's Daily Dose

You're not logged in!

Compare scores with friends on all Sporcle quizzes.
OR
Log In
Forgot?

From the Vault

Movie Word Quintets IX

by Larryholmes79

"If you wanna rock, you gotta break the rules. You gotta get mad at the man!"
Remove Ads.
Support Sporcle.
Get the best of Sporcle when you Go Orange. This ad-free experience offers more features, more stats, and more fun while also helping to support Sporcle. Thank you for becoming a member.

Show Comments

Extras

Top Quizzes Today


Score Distribution

Your Account Isn't Verified!

In order to create a playlist on Sporcle, you need to verify the email address you used during registration. Go to your Sporcle Settings to finish the process.

Report this User

Report this user for behavior that violates our Community Guidelines.

Details: